000 00989nam a22002537a 4500
999 _c17626
_d17626
005 20200104041731.0
008 150803b2007 ck ||||| |||| 00| 0 spa d
040 _aCO-BoIAVH
_cCO-BoIAVH
041 _aspa
044 _ack
082 _a634.92
_b S615z
110 1 _aInstituto Amazónico de Investigaciones Científicas SINCHI
245 1 0 _aZonificación y ordenación forestal en áreas de reserva forestal en el Municipio de San José del Guaviare, Departamento del Guaviare.
260 _aBogotá:
_bCorporación para el Desarrollo Sostenible del Norte y el Oriente Amazónico CDA:
_bInstituto Amazónico de Investigaciones Científicas SINCHI,
_c2007.
300 _a165 p.
_c28. cm.
504 _aContiene Bibliografias
505 _aListado general de especies comunes
650 1 _aVegetación
650 1 _aSuelos
650 1 _azonificación forestal
650 1 _aConservación
650 1 _aHidrografía
942 _2ddc
_cLIBRO